000 00993cam a2200241 a 4500
001 000004988
005 20200929151542.0
008 850222s1984 ag 001 p spa
020 _a9503601045
040 _aDO-SdBNP
_cBNPHU
_bspa
082 _a868.9981
_bS194m
245 0 0 _aSan Martín y Bolivar en el canto /
_cSelección, Lidia Rosalía de Jijena Sánchez ; prólogo de Enrique M. Barba.
260 _aBuenos Aires :
_bEdiciones Culturales Argentinas,
_bSecretaría de Cultura,
_bMinisterio de Educación y Justicia,
_c1984.
300 _a215 p. ;
_c22 cm.
600 1 4 _aSAN MARTÍN, JOSÉ DE,
_d1778-1850
_xPOESÍAS
_914396
600 1 4 _aBOLÍVAR, SIMÓN,
_d1783-1830
_xPOESÍAS
_914397
650 4 _aPoesía hispanoamericana
_98160
650 4 _aPoesía patriótica
_xColecciones
_914398
700 1 _aJijena Sánchez, Lidia Rosalía
_914399
700 1 _aBarba, Enrique M.,
_eprol.
_914400
710 2 _aSecretaría de Cultura
_914401
710 2 _aMinisterio de Educación y Justicia
_914402
999 _c4794
_d4794